Statistics for Ibiza clubs

Click here to take the quiz!

General Stats

  • This quiz has been taken 82 times
  • The average score is 5 of 9

Answer Stats

Answer% Correct
Pacha
91%
Ushuaia
75%
Amnesia
70%
Space
55%
DC10
49%
Eden
45%
Es Paradis
40%
Privilege
40%
Sankeys
23%

Score Distribution

Percentile by Number Answered

Percent of People with Each Score

Your Score History

You have not taken this quiz